|
|
|
|
| LEADER |
01397nam a22002777a 4500 |
| 001 |
32430 |
| 003 |
BD-DhAAL |
| 005 |
20250129152332.0 |
| 008 |
171130s1993 bg a|||| |||| 00| 0 eng d |
| 040 |
|
|
|a BD-DhAAL
|c BD-DhAAL
|
| 082 |
|
|
|2 22
|a 362.1095492
|
| 245 |
|
|
|a Research reports
|f (1993) :
|b health studies.
|n Volume XII.
|
| 260 |
|
|
|a Dhaka :
|b BRAC, Research and Evaluation Division,
|c 1993.
|
| 300 |
|
|
|a 400 pages :
|b illustrations ;
|c 30 cm
|
| 362 |
|
|
|a Vol. 12
|
| 504 |
|
|
|a Includes bibliographical references
|
| 541 |
|
|
|a Complimentary copy from Research and Evaluation Division (RED), BRAC
|e 32430, 43991
|
| 610 |
|
|
|a BRAC
|9 14405
|
| 650 |
|
|
|a Public health
|z Bangladesh.
|9 14406
|
| 650 |
|
|
|a Rural development
|z Bangladesh.
|9 24136
|
| 710 |
|
|
|a BRAC
|b Research and Evaluation Division.
|9 14405
|
| 852 |
|
|
|a Ayesha Abed Library
|c BRAC Resource Section
|
| 942 |
|
|
|2 ddc
|c BK
|
| 999 |
|
|
|c 38719
|d 38719
|
| 952 |
|
|
|0 0
|1 0
|2 ddc
|4 0
|6 362_109549200000000_RES
|7 1
|8 RPT
|9 62122
|a BRACUL
|b BRACUL
|c BRS
|d 2017-11-30
|l 0
|o 362.1095492 RES
|p 3010032430
|r 2017-11-30
|t 1
|w 2017-11-30
|y BK
|x BRAC ; price not available in register
|
| 952 |
|
|
|0 0
|1 0
|2 ddc
|4 0
|6 362_109549200000000_RES
|7 0
|8 RPT
|9 77216
|a SCL
|b SCL
|c GEN
|d 2025-01-29
|e Complimentary copy from Research and Evaluation Division (RED), BRAC
|l 0
|o 362.1095492 RES
|p 3020043991
|r 2025-01-29
|t 2
|w 2025-01-29
|y BK
|x Complimentary copy from Research and Evaluation Division (RED), BRAC
|